[Event "Hampshire-chB"]
[Site "Fareham"]
[Date "2022.11.06"]
[Round "6"]
[White "Torrance, John"]
[Black "Wilcock, Peter"]
[Result "1/2-1/2"]
[WhiteElo "1670"]
[BlackElo "1789"]
[PlyCount "39"]
[EventDate "2022.11.04"]
[EventType "swiss"]
[EventRounds "6"]
[EventCountry "ENG"]
[SourceTitle "EXT 2024"]
[Source "ChessBase"]
[SourceDate "2023.10.10"]
[SourceVersion "1"]
[SourceVersionDate "2023.10.10"]
[SourceQuality "1"]

1. b4 d5 2. Bb2 Bf5 3. e3 Nf6 4. c4 e6 5. a3 Nc6 6. Nf3 a6 7. cxd5 exd5 8. Be2 Bd6 9. d3 0-0 10. 0-0 Ne7 11. Qc2 Ng6 12. Nbd2 c6 13. Nb3 Qc7 14. h3 Rae8 15. Nbd4 Bc8 16. Rac1 Ne5 17. Nxe5 Bxe5 18. Nf3 Bxb2 19. Qxb2 Re7 20. Qd4 1/2-1/2

[Event "Torquay Rowena Challengers"]
[Site "Torquay"]
[Date "2019.09.04"]
[Round "4"]
[White "Torrance, John"]
[Black "Abbott, Mark V"]
[Result "0-1"]
[WhiteElo "1514"]
[BlackElo "1880"]
[PlyCount "70"]
[EventDate "2019.09.01"]
[EventType "swiss"]
[EventRounds "7"]
[EventCountry "ENG"]
[SourceTitle "CBM 192 Extra"]
[Source "Chessbase"]
[SourceDate "2019.11.06"]
[SourceVersion "1"]
[SourceVersionDate "2019.11.06"]
[SourceQuality "1"]

1. Nf3 c5 2. c4 Nc6 3. e3 g6 4. Nc3 Nf6 5. d4 cxd4 6. exd4 d5 7. h3 Bg7 8. c5 0-0 9. Be2 b6 10. cxb6 Qxb6 11. Na4 Qb4+ 12. Bd2 Qd6 13. 0-0 Rb8 14. a3 Bd7 15. Bc3 Ne4 16. b4 e5 17. Bb2 exd4 18. Bd3 Ne5 19. Nxe5 Qxe5 20. Bxe4 dxe4 21. Nc5 Bc6 22. Re1 e3 23. fxe3 Qg3 24. Qg4 Be5 25. Qxg3 Bxg3 26. Red1 dxe3 27. Rd3 Rfe8 28. Bc3 Bb5 29. Rd5 Rbd8 30. Rxd8 Rxd8 31. Be1 e2 32. Nb3 Rd1 33. Rc1 Bxe1 34. Rc8+ Kg7 35. Kh2 Bg3+ 0-1

[Event "London Classic CSC op U2000 7th"]
[Site "London"]
[Date "2015.12.05"]
[Round "2"]
[White "Torrance, John"]
[Black "O'Mahoney, Mike J"]
[Result "0-1"]
[WhiteElo "1704"]
[BlackElo "1862"]
[PlyCount "64"]
[EventDate "2015.12.04"]
[EventType "swiss"]
[EventRounds "5"]
[EventCountry "ENG"]
[SourceTitle "CBM 169 Extra"]
[Source "ChessBase"]
[SourceDate "2015.12.18"]
[SourceVersion "1"]
[SourceVersionDate "2015.12.18"]
[SourceQuality "1"]

1. d4 d5 2. Nc3 Nf6 3. Bg5 Nbd7 4. f3 c6 5. e4 dxe4 6. fxe4 Qa5 7. Bxf6 Nxf6 8. Bd3 Bg4 9. Nf3 e6 10. 0-0 Be7 11. Ne2 Bh5 12. c3 Ng4 13. Qd2 Rd8 14. h3 Nf6 15. g4 Bg6 16. Qe3 Qc7 17. Ne5 0-0 18. Nxg6 hxg6 19. Rf3 e5 20. Raf1 c5 21. d5 c4 22. Bc2 Bc5 23. Nd4 Qb6 24. Kh1 exd4 25. cxd4 Bxd4 26. Qg5 Qxb2 27. Bb1 Be5 28. R3f2 Qc3 29. Rf3 Qd4 30. Qc1 Nxe4 31. Bxe4 Qxe4 32. Kg2 Qxd5 0-1

[Event "London Golders Green op 4th"]
[Site "London"]
[Date "2014.08.25"]
[Round "5"]
[White "Torrance, John"]
[Black "Durrant, Paul EO"]
[Result "1/2-1/2"]
[WhiteElo "1667"]
[BlackElo "1907"]
[PlyCount "62"]
[EventDate "2014.08.23"]
[EventType "swiss"]
[EventRounds "6"]
[EventCountry "ENG"]
[SourceTitle "EXT 2018"]
[Source "ChessBase"]
[SourceDate "2017.10.13"]
[SourceVersion "1"]
[SourceVersionDate "2017.10.13"]
[SourceQuality "1"]

1. d4 c5 2. dxc5 e6 3. c3 Bxc5 4. Nf3 Nf6 5. e3 Nc6 6. Be2 0-0 7. 0-0 d5 8. b4 Bd6 9. Bb2 a6 10. Nbd2 Qc7 11. h3 e5 12. a3 Rd8 13. c4 dxc4 14. Nxc4 Bxb4 15. Qc2 Bd6 16. Nxd6 Qxd6 17. Rfd1 Qe7 18. Rxd8+ Nxd8 19. Bxe5 Be6 20. Rd1 Rc8 21. Qb2 Ne8 22. Bc3 f6 23. Nd4 Bf7 24. Bb4 Qe5 25. Qd2 Bg6 26. Rc1 Rxc1+ 27. Qxc1 Be4 28. Bf3 Bxf3 29. Nxf3 Qd5 30. Nd4 Nc6 31. Nxc6 Qxc6 1/2-1/2

[Event "High Wycombe e2e4 Challengers op 05"]
[Site "High Wycombe"]
[Date "2014.05.11"]
[Round "5"]
[White "Osiyemi, Lara"]
[Black "Torrance, John"]
[Result "1/2-1/2"]
[WhiteElo "1738"]
[BlackElo "1667"]
[PlyCount "133"]
[EventDate "2014.05.09"]
[EventType "swiss"]
[EventRounds "5"]
[EventCountry "ENG"]
[SourceTitle "EXT 2015"]
[Source "ChessBase"]
[SourceDate "2014.11.20"]
[SourceVersion "1"]
[SourceVersionDate "2014.11.20"]
[SourceQuality "1"]

1. d4 Nf6 2. c4 e6 3. Nc3 Bb4 4. Qc2 0-0 5. a3 Bxc3+ 6. Qxc3 Qe8 7. Nf3 Ne4 8. Qc2 f5 9. Bf4 d6 10. e3 b6 11. Nd2 Nxd2 12. Qxd2 Bb7 13. f3 Nd7 14. Be2 Rd8 15. Rg1 e5 16. Bg3 exd4 17. Qxd4 Nc5 18. Qc3 a5 19. b4 axb4 20. axb4 Ne6 21. Ra7 Bc6 22. c5 bxc5 23. bxc5 Ra8 24. Rxa8 Qxa8 25. cxd6 cxd6 26. Bxd6 Rc8 27. Qe5 Bd5 28. Qxf5 Qa2 29. Kf2 Rc2 30. Re1 Bc4 31. Qh5 Rxe2+ 32. Rxe2 Qxe2+ 33. Kg3 Bb5 34. Qd5 Qc4 35. Qa8+ Kf7 36. Qb7+ Kg6 37. h4 Bc6 38. Qb1+ Kh6 39. Be7 Qd5 40. Qc1 Qe5+ 41. f4 Qe4 42. Qd2 Kg6 43. Bd6 h6 44. Kh3 Kh7 45. Be5 Nf8 46. Qf2 Ng6 47. Bd4 Qf5+ 48. Kh2 Qg4 49. g3 Qd1 50. Qg1 Qe2+ 51. Kh3 Bd7+ 52. g4 Qf3+ 53. Qg3 Qh1+ 54. Qh2 Qxh2+ 55. Kxh2 Bxg4 56. Kg3 Bd7 57. e4 Ne7 58. f5 Kg8 59. Kf4 Nc6 60. Bc3 Kf7 61. e5 Bc8 62. e6+ Kf8 63. Bb2 g6 64. Ba3+ Ke8 65. Ke4 gxf5+ 66. Kxf5 Nd4+ 67. Kg6 1/2-1/2

[Event "High Wycombe e2e4 Challengers op 05"]
[Site "High Wycombe"]
[Date "2014.05.10"]
[Round "3"]
[White "Homer, Neil S"]
[Black "Torrance, John"]
[Result "0-1"]
[WhiteElo "1669"]
[BlackElo "1667"]
[PlyCount "112"]
[EventDate "2014.05.09"]
[EventType "swiss"]
[EventRounds "5"]
[EventCountry "ENG"]
[SourceTitle "EXT 2015"]
[Source "ChessBase"]
[SourceDate "2014.11.20"]
[SourceVersion "1"]
[SourceVersionDate "2014.11.20"]
[SourceQuality "1"]

1. Nf3 e6 2. c4 Nf6 3. Nc3 Bb4 4. Qc2 0-0 5. a3 Bxc3 6. Qxc3 b6 7. b4 d6 8. Bb2 Nbd7 9. e3 Bb7 10. Be2 e5 11. 0-0 Qe7 12. d3 h6 13. e4 Nh7 14. Bc1 f5 15. exf5 Rxf5 16. Be3 Raf8 17. Nd2 Qf7 18. Ne4 Qg6 19. Ng3 Rf4 20. Bxf4 exf4 21. d4 fxg3 22. fxg3 Rxf1+ 23. Rxf1 Qe6 24. Re1 Qf7 25. Qe3 Nhf6 26. Rf1 Qe8 27. Qd3 Qe4 28. Qxe4 Bxe4 29. Kf2 Nf8 30. Re1 Kf7 31. d5 N8d7 32. g4 Ne5 33. h3 Bd3 34. Rc1 Be4 35. Rc3 Ke7 36. g3 Kd7 37. b5 Bg6 38. Re3 Ne4+ 39. Ke1 Nc5 40. Kd2 Bb1 41. Kc1 Bd3 42. Bxd3 Ncxd3+ 43. Kc2 Nf2 44. Kc3 Nxh3 45. Re4 Ng5 46. Rf4 Ke7 47. a4 Ngf7 48. Kd4 Nd7 49. Kc3 Nc5 50. Rf1 Ne5 51. Ra1 Nb7 52. Re1 Na5 53. Re2 Naxc4 54. Re4 Na5 55. Rf4 Nb7 56. Kb4 Nd3+ 0-1

[Event "West Bromwich e2e4 op"]
[Site "West Bromwich"]
[Date "2014.02.23"]
[Round "4"]
[White "Torrance, John"]
[Black "Potter, Steven"]
[Result "0-1"]
[WhiteElo "1703"]
[BlackElo "1867"]
[PlyCount "98"]
[EventDate "2014.02.21"]
[EventType "swiss"]
[EventRounds "5"]
[EventCountry "ENG"]
[SourceTitle "CBM 159 Extra"]
[Source "ChessBase"]
[SourceDate "2014.04.24"]
[SourceVersion "1"]
[SourceVersionDate "2014.04.24"]
[SourceQuality "1"]

1. d4 b6 2. e4 e6 3. Bd3 Bb7 4. c3 c5 5. Nf3 Nf6 6. Qe2 Be7 7. 0-0 Nc6 8. a3 Na5 9. Nbd2 c4 10. Bc2 Qc7 11. Re1 Nb3 12. Nxb3 cxb3 13. Bd3 a5 14. Bd2 0-0 15. h3 d5 16. exd5 Nxd5 17. Ne5 Nf6 18. Bf4 Bd6 19. Bg3 g6 20. Bh4 Nd7 21. f4 a4 22. Qg4 Nxe5 23. fxe5 Be7 24. Bf6 Rfe8 25. h4 Ba6 26. Be4 Bb7 27. Bxb7 Qxb7 28. h5 Bf8 29. hxg6 fxg6 30. Rad1 Qd5 31. Qh4 Ra7 32. Qe4 Qxe4 33. Rxe4 Rc8 34. d5 exd5 35. Rxd5 Bc5+ 36. Kf1 Kf7 37. Bg5 Ke6 38. Rd3 Kf5 39. Rc4 Kxg5 40. e6 Rf8+ 41. Rf3 Rxf3+ 42. gxf3 Kf6 43. Re4 b5 44. Ke1 Re7 45. Kd2 Rxe6 46. Rh4 Rd6+ 47. Ke2 h5 48. c4 Rd4 49. Rh1 Rxc4 0-1

[Event "Bedford e2e4 U2000"]
[Site "Bedford"]
[Date "2013.09.20"]
[Round "1"]
[White "Torrance, John"]
[Black "Nettleton, Charlie"]
[Result "1-0"]
[WhiteElo "1666"]
[BlackElo "1885"]
[PlyCount "75"]
[EventDate "2013.09.20"]
[EventType "swiss"]
[EventRounds "5"]
[EventCountry "ENG"]
[SourceTitle "EXT 2023"]
[Source "ChessBase"]
[SourceDate "2022.10.05"]
[SourceVersion "1"]
[SourceVersionDate "2022.10.05"]
[SourceQuality "1"]

1. d4 Nf6 2. Nc3 d5 3. Bg5 Nbd7 4. Nf3 h6 5. Bf4 c5 6. dxc5 Qa5 7. Qd4 e6 8. b4 Qd8 9. Nb5 Ne4 10. Nc7+ Ke7 11. Nxa8 f6 12. Bd6+ Kf7 13. Bxf8 Rxf8 14. e3 Nb8 15. Bd3 e5 16. Qb2 Nc6 17. 0-0 Bg4 18. Bxe4 dxe4 19. Rad1 Qxa8 20. h3 Bxf3 21. Qb3+ Kg6 22. gxf3 Qc8 23. Kh2 exf3 24. Qd3+ Kf7 25. Qd7+ Kg8 26. Qxc8 Rxc8 27. a3 e4 28. Rd7 b6 29. Rfd1 bxc5 30. b5 Ne5 31. Rd8+ Rxd8 32. Rxd8+ Kf7 33. Ra8 Ke6 34. Rxa7 g6 35. a4 f5 36. a5 Kd6 37. a6 Nc4 38. Rb7 1-0

[Event "London op Congress August U1900"]
[Site "London"]
[Date "2013.08.25"]
[Round "3"]
[White "Pride, Stephen C"]
[Black "Torrance, John"]
[Result "1/2-1/2"]
[WhiteElo "1819"]
[BlackElo "1662"]
[PlyCount "62"]
[EventDate "2013.08.24"]
[EventType "swiss"]
[EventRounds "6"]
[EventCountry "ENG"]
[SourceTitle "EXT 2023"]
[Source "ChessBase"]
[SourceDate "2022.10.05"]
[SourceVersion "1"]
[SourceVersionDate "2022.10.05"]
[SourceQuality "1"]

1. e4 d5 2. exd5 Qxd5 3. Nf3 Nc6 4. d4 Bg4 5. Be2 0-0-0 6. Be3 Nf6 7. Nc3 Qa5 8. 0-0 e5 9. Ng5 Bxe2 10. Nxe2 exd4 11. Nxd4 Rd7 12. Nxc6 bxc6 13. Qe2 h6 14. Nf3 Bd6 15. Nd4 Kb7 16. b4 Qe5 17. Nf3 Qe4 18. Rab1 Nd5 19. Rb3 Nf4 20. Qd1 Rhd8 21. Bxf4 Bxf4 22. Qb1 g5 23. b5 c5 24. Re1 Qd5 25. Rd3 Qf5 26. Red1 Rxd3 27. Rxd3 Rxd3 28. cxd3 g4 29. Nh4 Qe5 30. g3 Bg5 31. Qf1 Qd5 1/2-1/2

[Event "Sunningdale e2e4 op U2000 07"]
[Site "Sunningdale"]
[Date "2013.07.06"]
[Round "2"]
[White "Goodhead, James W"]
[Black "Torrance, John"]
[Result "1/2-1/2"]
[WhiteElo "1848"]
[BlackElo "1650"]
[PlyCount "61"]
[EventDate "2013.07.05"]
[EventType "swiss"]
[EventRounds "7"]
[EventCountry "ENG"]
[SourceTitle "EXT 2014"]
[Source "ChessBase"]
[SourceDate "2013.11.20"]
[SourceVersion "1"]
[SourceVersionDate "2013.11.20"]
[SourceQuality "1"]

1. d4 e6 2. Nf3 c5 3. e3 Nf6 4. Bd3 Nc6 5. 0-0 Qb6 6. Nc3 Be7 7. Na4 Qa5 8. Nxc5 Bxc5 9. dxc5 Qxc5 10. a3 a6 11. b4 Qe7 12. Bb2 b5 13. Rc1 Bb7 14. c4 bxc4 15. Rxc4 0-0 16. Bb1 Rfd8 17. Qc2 g6 18. Qc3 e5 19. Rxc6 Nd5 20. Rxg6+ hxg6 21. Qb3 d6 22. h4 Kg7 23. Rd1 Nf6 24. Ng5 Nh7 25. Nf3 Rac8 26. h5 Ng5 27. e4 Nxe4 28. h6+ Kxh6 29. Bxe4 Bxe4 30. Qe3+ Kg7 31. Qxe4 1/2-1/2

[Event "Amersham e2e4 Challengers op"]
[Site "Amersham"]
[Date "2012.05.20"]
[Round "5"]
[White "Purvis, Anna"]
[Black "Torrance, John"]
[Result "1/2-1/2"]
[WhiteElo "1518"]
[BlackElo "1719"]
[PlyCount "67"]
[EventDate "2012.05.18"]
[EventType "swiss"]
[EventRounds "5"]
[EventCountry "ENG"]
[SourceTitle "EXT 2014"]
[Source "ChessBase"]
[SourceDate "2013.11.20"]
[SourceVersion "1"]
[SourceVersionDate "2013.11.20"]
[SourceQuality "1"]

1. d4 Nf6 2. c4 d6 3. Nc3 Bf5 4. Nf3 g6 5. g3 Ne4 6. Bg2 Bg7 7. Nh4 Nxc3 8. bxc3 Bc8 9. 0-0 c6 10. Qb3 Nd7 11. Bf4 0-0 12. Nf3 Re8 13. Bd2 e5 14. dxe5 dxe5 15. Rfd1 Qc7 16. Be3 Nf6 17. Ng5 h6 18. Ne4 Nxe4 19. Bxe4 Be6 20. Rab1 b6 21. Rd2 Rad8 22. Rxd8 Rxd8 23. Qa4 Bf5 24. Bxf5 gxf5 25. Rd1 Rxd1+ 26. Qxd1 e4 27. Qd2 Kh7 28. Bd4 Qd6 29. Qf4 Qxf4 30. gxf4 c5 31. Bxg7 Kxg7 32. e3 Kg6 33. Kg2 Kh5 34. Kg3 1/2-1/2

[Event "Uxbridge A2Bmedialtd.com-F"]
[Site "Uxbridge"]
[Date "2009.08.12"]
[Round "1"]
[White "Makepeace, Philip"]
[Black "Torrance, John"]
[Result "1-0"]
[WhiteElo "2036"]
[BlackElo "1743"]
[PlyCount "119"]
[EventDate "2009.08.12"]
[EventType "tourn"]
[EventRounds "9"]
[EventCountry "ENG"]
[SourceTitle "EXT 2012"]
[Source "ChessBase"]
[SourceDate "2011.11.24"]
[SourceVersion "1"]
[SourceVersionDate "2011.11.24"]
[SourceQuality "1"]

1. e4 d6 2. d4 Nf6 3. Nc3 e5 4. Nf3 Nbd7 5. Be2 Be7 6. 0-0 0-0 7. b3 c6 8. Bb2 Qc7 9. Re1 b5 10. Bf1 Re8 11. Nb1 a5 12. Nbd2 Bf8 13. Rc1 Nb6 14. c3 Bb7 15. Qc2 g6 16. c4 bxc4 17. bxc4 c5 18. d5 Bh6 19. Rb1 Bc8 20. Bc1 Bg4 21. h3 Bxf3 22. Nxf3 Bxc1 23. Qxc1 Kg7 24. Nh4 h6 25. Rb3 Nh5 26. g3 Reb8 27. Ng2 Nd7 28. Rc3 Rb7 29. g4 Nhf6 30. Rg3 Rab8 31. Bd3 Rb2 32. g5 hxg5 33. Qxg5 Nf8 34. Ne3 N6h7 35. Nf5+ Kh8 36. Qh6 f6 37. Nh4 Qg7 38. Qxg7+ Kxg7 39. Nf5+ Kf7 40. Nxd6+ Ke7 41. Nb5 Ng5 42. a3 Nf7 43. Rc1 Nd6 44. h4 Rb6 45. h5 g5 46. Rh3 Kf7 47. Rc3 Nh7 48. h6 Nc8 49. Kf1 Ne7 50. Be2 Rxe2 51. Kxe2 Ng6 52. Rh1 Nf4+ 53. Kf3 Kg6 54. d6 Ne6 55. Rd3 Nd8 56. d7 Kf7 57. Rd5 Rc6 58. Rb1 Ke7 59. Na7 Rd6 60. Nc8+ 1-0